000 01254cam a2200325 a 4500
999 _c232503
_d232503
001 4953911
003 Nust
005 20170222100847.0
008 960730s1996 enka b 001 0 eng
010 _a 96174892
020 _a0750625295
040 _aDLC
_cRCMS
_dDLC
050 0 0 _aVM156
_b.M78 1996
082 0 0 _a623.8/1
_220
100 1 _aTupper, E. C.
245 1 0 _aIntroduction to naval architecture.
246 3 0 _aNaval architecture
250 _a3rd ed. /
_bE.C. Tupper.
260 _aOxford ;
_aBoston :
_bButterworth-Heinemann,
_c1996.
300 _aix, 361 p. :
_bill. ;
_c24 cm.
500 _aRev. ed. of: Muckle's naval architecture / W. Muckle. 2nd ed. 1987.
504 _aIncludes bibliographical references and index.
650 0 _aNaval architecture.
700 1 _aMuckle, W.
_q(William).
_tNaval architecture.
856 4 2 _3Publisher description
_uhttp://www.loc.gov/catdir/description/els032/96174892.html
856 4 1 _3Table of contents
_uhttp://www.loc.gov/catdir/toc/els032/96174892.html
906 _a7
_bcbc
_corignew
_d2
_encip
_f19
_gy-gencatlg
942 _2ddc
_cBK